Africa: las raíces de su rebelión

-д хадгалсан:
Номзүйн дэлгэрэнгүй
Үндсэн зохиолч: Woddis, Jack (Зохиогч)
Формат: Ном
Хэл сонгох:испани
Хэвлэсэн: Buenos Aires Platina 1961
Нөхцлүүд:
Шошгууд: Шошго нэмэх
Шошго байхгүй, Энэхүү баримтыг шошголох эхний хүн болох!

MARC

LEADER 00000nam a2200000 a 4500
001 UCP5932
003 CL-VaPUC
008 991001e19610000AG |||||||||||||||||spa|d
082 0 4 |a 305.896  |b WOD  |2 21 
100 0 |a Woddis, Jack  |e author  |9 434599 
245 1 0 |a Africa: las raíces de su rebelión 
300 |a 279 p 
942 |c BK 
945 |d 19991001 00:00:00  |a crobeson 
260 |a Buenos Aires  |b Platina  |c 1961 
650 7 |a GRUPOS ETNICOS  |2 CL-VaPUC  |9 324200 
650 0 |a Conflicto social  |9 255404 
650 0 |a Discriminación racial  |9 257054 
650 0 |a Movimientos sociales  |9 315241 
650 0 |a Colonialismo  |9 316469 
650 0 |a Política económica   |9 255029 
651 0 |a África  |9 256790 
583 |a last modification  |c 19991001 00:00:00  |k Rodrigo Vera 
999 |c 283569  |d 283567 
952 |0 0  |1 0  |4 0  |6 305_896000000000000_WOD_1961  |7 0  |8 A  |9 326834  |a BIBHIS  |b BIBHIS  |d 2019-11-20  |i 1358146  |o 305.896 WOD 1961  |p 1358146  |r 2025-01-20  |w 2019-11-20  |y BK  |k HIS